Sports Quiz

Random Sports or Football Quiz
Score 0/15 Timer 05:00
0 Plays Today
Hint Answer % Correct
Passing Yards (Week 13)Peyton Manning
98.8%
Passing Yards (Week 13)Tom Brady
98.6%
Rushing Yards (Week 13)Adrian Peterson
93.5%
Rushing Yards (Week 13)Matt Forte
82.8%
Passing Yards (Week 13)Ryan Tannehill
80.6%
Receiving Yards (Week 13)Josh Gordon
75%
Rushing Yards (Week 13)Reggie Bush
74%
Receiving Yards (Week 13)Roddy White
73.2%
Hint Answer % Correct
Rushing Yards (Week 13)C.J. Spiller
72%
Receiving Yards (Week 13)Eric Decker
70.6%
Passing Yards (Week 13)Josh McCown
67%
Receiving Yards (Week 13)Alshon Jeffery
62.1%
Passing Yards (Week 13)Brandon Weeden
60%
Rushing Yards (Week 13)Montee Ball
58.6%
Receiving Yards (Week 13)Andre Holmes
12.1%
Remove Ads.
Support Sporcle.
Get the best of Sporcle when you Go Orange. This ad-free experience offers more features, more stats, and more fun while also helping to support Sporcle. Thank you for becoming a member.

You're not logged in!

Compare scores with friends on all Sporcle quizzes.
OR
Log In

Show Comments

Extras

Top Quizzes Today


Score Distribution

Your Account Isn't Verified!

In order to create a playlist on Sporcle, you need to verify the email address you used during registration. Go to your Sporcle Settings to finish the process.

Report this User

Report this user for behavior that violates our Community Guidelines.

Details: